Guess The Fast Food Logo! - Statistics

General Stats
  • This quiz has been taken 292 times
  • The average score is 15 of 20
Answer Stats
Picture Answer % Correct
KFC
92%
Starbucks
89%
McDonald's
87%
Subway
87%
Taco Bell
86%
Wendy's
86%
Burger King
85%
Domino's
85%
Dunkin’ Donuts
85%
Pizza Hut
85%
Shell
80%
Panda Express
77%
Chick-fil-A
72%
Arby's
66%
Chipotle
63%
Baskin Robbins
62%
Chili's
60%
Little Caesars
60%
Popeyes
49%
Jollibee
36%
No matching quizzes found
Score Distribution
Percent of People with Each Score
Percentile by Number Answered
Your Score History
You have not taken this quiz